Humboldt /
Revista alemana publicada en español que tiene como objetivo dar a conocer al mundo hispano aspectos culturales de Alemania y viceversa.
Gespeichert in:
| Weitere Verfasser: | |
|---|---|
| Format: | Buch |
| Sprache: | Spanisch |
| Veröffentlicht: |
Hamburgo, Alemania :
Ubersee,
1967, c1967
|
| Schlagworte: | |
| Tags: |
Keine Tags, Fügen Sie das erste Tag hinzu!
|
MARC
| LEADER | 00000nam^a2200000^a^4500 | ||
|---|---|---|---|
| 001 | 000135858 | ||
| 005 | 20250521000000.0 | ||
| 009 | 20260310095257.866 | ||
| 037 | |a Acervo ITESO - Biblioteca | ||
| 041 | |a ESP | ||
| 082 | |a 300. 5 |b HUB V. 31 | ||
| 240 | 1 | 1 | |a [Humboldt] |
| 245 | 0 | 0 | |a Humboldt / |c Dir. de A. Theile. |
| 264 | 4 | |a Hamburgo, Alemania : |b Ubersee, |c 1967, c1967 | |
| 300 | |a 104 p. | ||
| 336 | |a texto |b txt |2 rdacontenido | ||
| 337 | |a sin mediación |b n |2 rdamedio | ||
| 338 | |a volumen |b nc |2 rdasoporte | ||
| 520 | |a Revista alemana publicada en español que tiene como objetivo dar a conocer al mundo hispano aspectos culturales de Alemania y viceversa. | ||
| 649 | |a XX | ||
| 650 | |a Cultura - |x Publicaciones Periódicas Alemanas | ||
| 650 | |a Tecnología y Sociedad | ||
| 650 | |a Fábulas | ||
| 650 | |a Animales en la Literatura | ||
| 650 | |a Literatura - |x Historia y Crítica | ||
| 650 | |a Historia Moderna - |y 1910-1919 | ||
| 650 | |a Poesía Española | ||
| 650 | |a Literatura Española - |x Historia y Crítica | ||
| 650 | |a Hernández, Miguel | ||
| 650 | |a Autorretrato (Pintura) | ||
| 650 | |a Pintura Española | ||
| 650 | |a Arte Español - |y Siglo XX | ||
| 650 | |a Escritores Alemanes | ||
| 650 | |a Teatro Alemán | ||
| 650 | |a Weiss, Peter | ||
| 650 | |a Moda - |x Historia | ||
| 650 | |a Dinero - |x Historia | ||
| 650 | |a Psicología | ||
| 650 | |a Metafísica | ||
| 650 | |a Ortega y Gasset, José | ||
| 650 | |a Computadoras en la Educación | ||
| 650 | |a Apoyos Didácticos | ||
| 600 | |a Picasso, Pablo | ||
| 700 | |a Theile, Alberto |e (dirección) | ||
| 910 | |a Fondo Salvador Reynoso Reynoso | ||
| 920 | |a Impresos - Libros | ||
| 930 | |a Fondos Especiales | ||
| 905 | |a 112 | ||
| 901 | |a 0800013490 |b IT2 |c ESP |u 20250521 | ||
| 902 | |a https://opac.biblio.iteso.mx/vufind/Record/000135858 | ||